01801 a2200169 45000010006000000050017000060080041000230030015000640400040000790800162001192450049002812640028003303000019003585051203003771000024015807000027016042385220260407155524.0260407a1950 arg spa dAR-UNSa-BCEJYS aAR-UNSa-BCEJYSbspacAR-UNSa-BCEJYS a51-7xEstudios y métodos matemáticos en otros campos del conocimiento. Matemáticas científicas. Matemáticas actuariales (Matemáticas Financieras)10aCurso de Matemática financiera y actuarial 1aMadrid :bAguilarc1950 a484 p.c21 cm. aParte I: De la Supervivencia: 1. Líneas de una teoría de la supervivencia - 2. La supervivencia en grupos demográficos privados - 3. La supervivencia en grupos abiertos y en grupos especiales - 4. El ajuste de las tablas de supervivencia -- Parte II: De las operaciones financieras simples: 1. Valores finales y valores actuales - 2. Operaciones a breve vencimiento - 3. De las operaciones a largo vencimiento - 4. Operaciones de grupo a prima única - 5. Tablas financieras y actuariales y cálculos con ellas -- Parte III: Operaciones financieras complejas: 1. De la reserva en general - 2. De la amortización en general - 3. La renta según términos particulares - 4. La renta según sistemas particulares de capitalización - 5. La renta en la capitalización compuesta a tanto constante - 6. La renta vitalicia según hipótesis demográficas especiales - 7. De la amortización con arreglos a términos generales - 8. Empréstitos - 9. De la amortización en el seguro -- Parte IV: Reservas matemáticas, balance técnico, riesgo y seguros sociales: 1. Sobre las reservas matemáticas - 2. Sobre el balance técnico - 3. Del riesgo - 4. Sobre los seguros sociales 1 aInsolera, Filadelfo1 aMartinez Velasco, Luis